| 000 | 00953nam a2200277Ia 4500 | ||
|---|---|---|---|
| 003 | OSt | ||
| 005 | 20220926004615.0 | ||
| 006 | a|||||r|||| 00| 0 | ||
| 007 | ta | ||
| 008 | 220923b |||||||| |||| 00| 0 eng d | ||
| 020 |
_a9780415617604 _c760.75 |
||
| 037 |
_b6421, 27/01/2012, Efficient Book Distributors _cGeneral Book |
||
| 040 |
_aRTL _cRTL _beng |
||
| 041 |
_2eng _aeng |
||
| 082 | _aNB,3,3.49G, Q1 | ||
| 100 |
_aAnjaria Jonathan Shapiro _9247764 |
||
| 245 | 0 |
_aUrban navigations _b Politics, space and the city in South Asia |
|
| 260 |
_a New Delhi _bRoutledge _c2011 |
||
| 300 |
_axii, 347p _ccm. |
||
| 490 | _aCities and the Urban Imperative | ||
| 500 | _aBibliography chapterwise | ||
| 650 | _aGeography | ||
| 700 |
_a McFarlane Colin _9308982 |
||
| 942 |
_hNB,3,3.49G, Q1 _cGB _2CC |
||
| 999 |
_c611742 _d611742 |
||